000 00448nam a22001817a 4500
008 170616b xxu||||| |||| 00| p tur d
020 _a9753634137
041 _atur
050 _aPL248.A583
100 _9713
_aÖmer Arakon
245 _aNecroscopium
250 _a1. baskı
260 _aİstanbul
_bYapı Kredi Yayınları
_cAğustos 1995
300 _a47 sayfa
500 _aŞiir: 40
650 0 _9145
_aTürk Edebiyatı
942 _2lcc
_cBK
999 _c1165
_d1143